Set-valued mappings, selections and topological properties of 2 x : proceedings of the conference held at the State University of New York at Buffalo, May 8-10, 1969
Αποθηκεύτηκε σε:
| Συλλογικό Έργο: | , |
|---|---|
| Άλλοι συγγραφείς: | |
| Μορφή: | Πρακτικό Συνεδρίου Βιβλίο |
| Γλώσσα: | English |
| Δημοσίευση: |
Berlin ; New York :
Springer-Verlag,
c1970.
|
| Σειρά: | Lecture notes in mathematics (Springer-Verlag)
171 |
| Θέματα: | |
| Ετικέτες: |
Προσθήκη ετικέτας
Δεν υπάρχουν, Καταχωρήστε ετικέτα πρώτοι!
|
MARC
| LEADER | 00000nam a2200000 a 4500 | ||
|---|---|---|---|
| 001 | 1/126887 | ||
| 008 | 230620t1970####gw | ||| |||| ||eng|| | ||
| 020 | |a 3540052933 | ||
| 040 | |a GR-MyUa |b gre |c GR-MyUa |e AACR2 | ||
| 041 | 0 | |a eng | |
| 082 | 7 | |a 514.322 |2 (23) | |
| 111 | 2 | |a International Conference on Set-Valued Mappings, Selections and Topological Properties of 2x |c State University of New York at Buffalo) |d (1969. | |
| 245 | 1 | 0 | |a Set-valued mappings, selections and topological properties of 2 x : |b proceedings of the conference held at the State University of New York at Buffalo, May 8-10, 1969 / |c Edited by W. M. Fleischman. |
| 260 | |a Berlin ; |a New York : |b Springer-Verlag, |c c1970. | ||
| 300 | |a x, 109 σ. ; |c 26 εκ. | ||
| 490 | 1 | |a (Lecture notes in mathematics ; |v :171) | |
| 500 | |a Sponsored by the Dept. of Mathematics of the State University of New York at Buffalo. | ||
| 504 | |a Περιέχει βιβλιογραφία. | ||
| 650 | 0 | |a Set-valued maps |x Congresses. | |
| 650 | 0 | |a Fixed point theory |x Congresses. | |
| 650 | 0 | |a Topological spaces |x Congresses. | |
| 700 | 1 | |a Fleischman, W. M. |q (William M.), |d 1939- |e edt | |
| 710 | 2 | |a New York (State). |b State University, Buffalo. |b Department of Mathematics. | |
| 830 | 0 | |a Lecture notes in mathematics (Springer-Verlag) |v 171 | |
| 852 | |a INST |b SAMOS |e 20230619 |h 514.322 ΙΝΤ |p 005300047899 |q 005300047899 |t BK |y 0 | ||
| 970 | |a Φιλιππή |b Φάλη |z 20-06-2023 | ||